书目信息 |
| 题名: |
《纳税人权利与义务公告》解读
|
|
| 作者: | ;国家税务总局 编 | |
| 分册: | ||
| 出版信息: | 北京 中国税务出版社 2011 |
|
| 页数: | 119页 | |
| 开本: | 21cm | |
| 丛书名: | ||
| 单 册: | ||
| 中图分类: | D922.220.5 | |
| 科图分类: | ||
| 主题词: | 税法--法律解释--中国 | |
| 电子资源: | ||
| ISBN: | 978-7-80235-638-2 | |
| 000 | 00783nam0 2200217 450 | |
| 001 | 2343380497 | |
| 005 | 20231208120338.55 | |
| 010 | @a978-7-80235-638-2@dCNY 9.00 | |
| 100 | @a20110608d2011 em y0chiy0120 ea | |
| 101 | 0 | @achi |
| 102 | @aCN@b110000 | |
| 105 | @ay zn 000yy | |
| 200 | 1 | @a《纳税人权利与义务公告》解读@A《 na shui ren quan li yu yi wu gong gao 》 jie du@b专著@f国家税务总局编 |
| 210 | @a北京@c中国税务出版社@d2011 | |
| 215 | @a119页@d21cm | |
| 330 | @a本书分为您的权利和您的义务两部分。内容包括:知情权、保密权、税收监督权、纳税申报方式选择权、委托税务代理权、陈述与申辩权等。 | |
| 606 | 0 | @a税法@x法律解释@y中国 |
| 690 | @aD922.220.5@v5 | |
| 711 | 02 | @a国家税务总局@Aguo jia shui wu zong ju@4编 |
| 801 | 2 | @aCN@b辽宁北配@c20231205 |
| 905 | @aBZT@dD922.220.5@e6 | |
| 《纳税人权利与义务公告》解读/国家税务总局编.-北京:中国税务出版社,2011 |
| 119页;21cm |
| ISBN 978-7-80235-638-2:CNY 9.00 |
| 本书分为您的权利和您的义务两部分。内容包括:知情权、保密权、税收监督权、纳税申报方式选择权、委托税务代理权、陈述与申辩权等。 |
| ● |
| 相关链接 |
|
|
|
正题名:《纳税人权利与义务公告》解读
索取号:D922.220.5/6
 
预约/预借
| 序号 | 登录号 | 条形码 | 馆藏地/架位号 | 状态 | 备注 |
| 1 | 2001557068 | 2001557068 | 辽三/辽宁北配(第三批)/1291/ [索取号:D922.220.5/6] | 在馆 | |
| 2 | 2001557069 | 2001557069 | 辽三/辽宁北配(第三批)/1291/ [索取号:D922.220.5/6] | 在馆 | |
| 3 | 2001557070 | 2001557070 | 辽三/辽宁北配(第三批)/1291/ [索取号:D922.220.5/6] | 在馆 | |
| 4 | 2001557071 | 2001557071 | 辽三/辽宁北配(第三批)/1291/ [索取号:D922.220.5/6] | 在馆 | |
| 5 | 2001557072 | 2001557072 | 辽三/辽宁北配(第三批)/1291/ [索取号:D922.220.5/6] | 在馆 | |
| 6 | 2001557073 | 2001557073 | 辽三/辽宁北配(第三批)/1291/ [索取号:D922.220.5/6] | 在馆 | |
| 7 | 2001557074 | 2001557074 | 辽三/辽宁北配(第三批)/1291/ [索取号:D922.220.5/6] | 在馆 | |
| 8 | 2001557075 | 2001557075 | 辽三/辽宁北配(第三批)/1291/ [索取号:D922.220.5/6] | 在馆 | |
| 9 | 2001557076 | 2001557076 | 辽三/辽宁北配(第三批)/1291/ [索取号:D922.220.5/6] | 在馆 | |
| 10 | 2001557077 | 2001557077 | 辽三/辽宁北配(第三批)/1291/ [索取号:D922.220.5/6] | 在馆 | |
| 11 | 2001557078 | 2001557078 | 辽三/辽宁北配(第三批)/1291/ [索取号:D922.220.5/6] | 在馆 | |
| 12 | 2001557079 | 2001557079 | 辽三/辽宁北配(第三批)/1291/ [索取号:D922.220.5/6] | 在馆 | |
| 13 | 2001557080 | 2001557080 | 辽三/辽宁北配(第三批)/1291/ [索取号:D922.220.5/6] | 在馆 | |
| 14 | 2001557081 | 2001557081 | 辽三/辽宁北配(第三批)/1291/ [索取号:D922.220.5/6] | 在馆 | |
| 15 | 2001557082 | 2001557082 | 辽三/辽宁北配(第三批)/1291/ [索取号:D922.220.5/6] | 在馆 | |
| 16 | 2001557083 | 2001557083 | 辽三/辽宁北配(第三批)/1291/ [索取号:D922.220.5/6] | 在馆 | |
| 17 | 2001557084 | 2001557084 | 辽三/辽宁北配(第三批)/1291/ [索取号:D922.220.5/6] | 在馆 | |
| 18 | 2001557085 | 2001557085 | 辽三/辽宁北配(第三批)/1291/ [索取号:D922.220.5/6] | 在馆 | |
| 19 | 2001557086 | 2001557086 | 辽三/辽宁北配(第三批)/1291/ [索取号:D922.220.5/6] | 在馆 | |
| 20 | 2001557087 | 2001557087 | 辽三/辽宁北配(第三批)/1291/ [索取号:D922.220.5/6] | 在馆 | |
| 21 | 2001557088 | 2001557088 | 辽三/辽宁北配(第三批)/1291/ [索取号:D922.220.5/6] | 在馆 | |
| 22 | 2001557089 | 2001557089 | 辽三/辽宁北配(第三批)/1291/ [索取号:D922.220.5/6] | 在馆 | |
| 23 | 2001557090 | 2001557090 | 辽三/辽宁北配(第三批)/1291/ [索取号:D922.220.5/6] | 在馆 | |
| 24 | 2001557091 | 2001557091 | 辽三/辽宁北配(第三批)/1291/ [索取号:D922.220.5/6] | 在馆 | |
| 25 | 2001557092 | 2001557092 | 辽三/辽宁北配(第三批)/1291/ [索取号:D922.220.5/6] | 在馆 | |
| 26 | 2001557093 | 2001557093 | 辽三/辽宁北配(第三批)/1291/ [索取号:D922.220.5/6] | 在馆 | |
| 27 | 2001557094 | 2001557094 | 辽三/辽宁北配(第三批)/1291/ [索取号:D922.220.5/6] | 在馆 | |
| 28 | 2001557095 | 2001557095 | 辽三/辽宁北配(第三批)/1291/ [索取号:D922.220.5/6] | 在馆 | |
| 29 | 2001557096 | 2001557096 | 辽三/辽宁北配(第三批)/1291/ [索取号:D922.220.5/6] | 在馆 |